Forensic pathology / (Record no. 94020)
[ view plain ]
| 000 -LEADER | |
|---|---|
| fixed length control field | 00727nam a22002537a 4500 |
| 003 - CONTROL NUMBER IDENTIFIER | |
| control field | OSt |
| 005 - DATE AND TIME OF LATEST TRANSACTION | |
| control field | 20260326113429.0 |
| 008 - FIXED-LENGTH DATA ELEMENTS--GENERAL INFORMATION | |
| fixed length control field | 260326b |||||||| |||| 00| 0 eng d |
| 020 ## - INTERNATIONAL STANDARD BOOK NUMBER | |
| International Standard Book Number | 9798891617155 |
| 040 ## - CATALOGING SOURCE | |
| Transcribing agency | HS LRC |
| 050 ## - LIBRARY OF CONGRESS CALL NUMBER | |
| Classification number | RA 1063.4 |
| Item number | .H848 2025 |
| 100 ## - MAIN ENTRY--PERSONAL NAME | |
| Personal name | Howard, Vincent |
| 9 (RLIN) | 131478 |
| 245 ## - TITLE STATEMENT | |
| Title | Forensic pathology / |
| Statement of responsibility, etc. | Vincent Howard |
| 260 ## - PUBLICATION, DISTRIBUTION, ETC. (IMPRINT) | |
| Place of publication, distribution, etc. | Jersey City : |
| Name of publisher, distributor, etc. | Alexis Paper Backs, |
| Date of publication, distribution, etc. | c2025. |
| 265 ## - SOURCE FOR ACQUISITION/SUBSCRIPTION ADDRESS [OBSOLETE] | |
| Source for acquisition/subscription address | Fastbooks Educational Supply, Inc |
| 300 ## - PHYSICAL DESCRIPTION | |
| Extent | x, 308 pages : |
| Other physical details | illustrations ; |
| Dimensions | 27 cm. |
| 365 ## - TRADE PRICE | |
| Price amount | 5,593.00 |
| 504 ## - BIBLIOGRAPHY, ETC. NOTE | |
| Bibliography, etc | Includes bibliography and index. |
| 650 ## - SUBJECT ADDED ENTRY--TOPICAL TERM | |
| Topical term or geographic name as entry element | Forensic pathology |
| 9 (RLIN) | 42356 |
| 650 ## - SUBJECT ADDED ENTRY--TOPICAL TERM | |
| Topical term or geographic name as entry element | Autopsy methods |
| 9 (RLIN) | 131479 |
| 650 ## - SUBJECT ADDED ENTRY--TOPICAL TERM | |
| Topical term or geographic name as entry element | Forensic medicine |
| 9 (RLIN) | 103248 |
| 650 ## - SUBJECT ADDED ENTRY--TOPICAL TERM | |
| Topical term or geographic name as entry element | Pathology |
| 9 (RLIN) | 63657 |
| 942 ## - ADDED ENTRY ELEMENTS (KOHA) | |
| Source of classification or shelving scheme | Library of Congress Classification |
| Koha item type | Books |
| Withdrawn status | Lost status | Source of classification or shelving scheme | Damaged status | Not for loan | Collection code | Home library | Current library | Shelving location | Date acquired | Source of acquisition | Cost, normal purchase price | Inventory number | Total Checkouts | Full call number | Barcode | Date last seen | Copy number | Cost, replacement price | Price effective from | Koha item type |
|---|---|---|---|---|---|---|---|---|---|---|---|---|---|---|---|---|---|---|---|---|
| Library of Congress Classification | Circulation | DLSU-D HS Learning Resource Center | DLSU-D HS Learning Resource Center | Circulation | 06/24/2025 | HS LRC SY 2024-2025 | 5593.00 | CIR-002345 | RA 1063.4 .H848 2025 | 3HS00000002345 | 03/26/2026 | 002345 | 5593.00 | 03/26/2026 | Books |









